000 00620nam a2200241Ia 4500
003 OSt
005 20221007100643.0
006 a|||||r|||| 00| 0
007 ta
008 221006b |||||||| |||| 00| 0 eng d
024 _a4,849
037 _cTextual
040 _aLCO
_cLCO
_beng
041 _2eng
_aeng
082 _aZ73,7,5, M3
100 _aAUERIBACH J S
_9701933
245 0 _aJustice without law
260 _aOxford
_bOxford Uni. Press
_c1983
300 _a182
650 _aJUSTICE WITHOUT LAW
_9701934
942 _hZ73,7,5, M3
_cTEXL
999 _c1174412
_d1174412